|
|
|
|
| LEADER |
00734nam a22001812a 4500 |
| 001 |
000060664 |
| 003 |
CZ BrMZK |
| 005 |
20100205112149.0 |
| 008 |
950407s1969 xr f cze d |
| 040 |
|
|
|a BOA001
|b cze
|
| 100 |
1 |
|
|a Volfová, Jana,
|d 1942-
|7 mzk2010474183
|
| 245 |
1 |
0 |
|a Zajímavá vlastivěda :
|b dodatky k seznamu knih k učebním osnovám pro 3.-5. ročník ZDŠ.
|n [Sv. 1] /
|c Sestavila Jana Volfová.
|
| 260 |
|
|
|a Kladno :
|b Krajská knihovna,
|c 1969
|
| 300 |
|
|
|a 9, 5 s.
|
| 910 |
|
|
|a BOA001
|b PK-0067.092,1
|
| 964 |
|
|
|a Vlastivěda - četba doplňková - bibliografie - školy základní devítileté (stupeň 1.)
|
| 990 |
|
|
|a BK
|
| 996 |
7 |
|
|b 3119973226
|c PK-0067.092,1
|l MZK
|r Sklad / do 1 hodiny
|n 1
|w 000060664
|u 000010
|a 1
|e BOA001
|j MZK50
|s A
|